| 000 -ლიდერი |
| ფიქსირებული სიგრძის საკონტროლო ველი |
01153nam a22002057a 4500 |
| 003 - საკონტროლო ნომრის იდენტიფიკატორი |
| საკონტროლო ველი |
Ge_BSU |
| 005 - ბოლო ოპერაციის თარიღი და დრო |
| საკონტროლო ველი |
20221125170232.0 |
| 008 - ფიქსირებული სიგრძის მონაცემთა ელემენტები - ზოგადი ინფორმაცია |
| ფიქსირებული სიგრძის საკონტროლო ველი |
221125s1979ge xxu||||| |||| 00| 0 geo d |
| 041 ## - ენის კოდი |
| Language code of text/sound track or separate title |
geo |
| 080 ## - უნივერსალური ათობითი კლასიფიკაციის ინდექსი |
| Universal Decimal Classification number |
821.353.1-391 ო-52 |
| 100 ## - მთავარი ჩანაწერი - პიროვნების სახელი |
| Personal name |
ორბელიანი, სულხან-საბა, 1658-1725, |
| 9 (RLIN) |
8171 |
| 245 ## - ცნობა სათაურის შესახებ |
| Title |
სიბრძნე სიცრუისა; დავითიანი / |
| Statement of responsibility, etc |
სულხან-საბა ორბელიანი, დავით გურამიშვილი ; [წინასიტყვ. ავტ.: ს. ცაიშვილი]. |
| 264 ## - წარმოების, გამოცემის, დისტრიბუციის და სხვა ცნობები |
| გამოცემის, წარმოების, დისტრიბუციის... ადგილი |
თბილისი : |
| გამოცემის, წარმოების, დისტრიბუციის... სახელწოდება |
საბჭოთა საქართველო, |
| გამოცემის, წარმოების, დისტრიბუციის... თარიღი |
1979. |
| 300 ## - ფიზიკური აღწერა |
| Extent |
478 გვ. : |
| Other physical details |
2 ფ. პორტრ. ; |
| Dimensions |
21 სმ. |
| 440 ## - სერიის ცნობა / დამატებულია ჩანაწერი - სათაური |
| Title |
მსოფლიო ლიტერატურის ბიბლიოთეკა ; ტ. 28. სერია 1 |
| 9 (RLIN) |
16125 |
| 653 ## - INDEX TERM--UNCONTROLLED |
| Uncontrolled term |
სიბრძნე სიცრუისა |
| 653 ## - INDEX TERM--UNCONTROLLED |
| Uncontrolled term |
დავითიანი |
| 700 ## - ADDED ENTRY--PERSONAL NAME |
| Personal name |
ცაიშვილი, ს. |
| Relator term |
წინასიტყვაობის ავტორი |
| 9 (RLIN) |
5572 |
| 942 ## - ADDED ENTRY ELEMENTS (KOHA) |
| Source of classification or shelving scheme |
|
| Koha item type |
წიგნი |